| 000 | 00725nam a2200241Ia 4500 | ||
|---|---|---|---|
| 005 | 20240116113240.0 | ||
| 008 | 131103s9999 xx 000 0 und d | ||
| 020 |
_a582352576 _c1.95 pds |
||
| 040 | _aLoreto College | ||
| 041 | _aEnglish | ||
| 082 |
_a327.1(B) _bCHA |
||
| 100 | _aChamberlain, M.E. | ||
| 245 |
_aBritish foreign policy in the age of palmerston _cM.E.Chamberlain |
||
| 260 |
_aLondon _bLongman _c1980 |
||
| 300 |
_av, 147p. _b ill.,maps |
||
| 440 | _aSeminar studies in history | ||
| 504 | _aIncludes bibliographical references and index | ||
| 630 | _aBritian - Foreign Policy | ||
| 650 | _aPolitics - International Relations - | ||
| 651 | _aPolitical Science - | ||
| 850 | _aLCLIB | ||
| 942 | _cBK | ||
| 999 |
_c1652 _d52131 |
||